000 00695nam a22002057a 4500
999 _c20643
_d20643
003 AR-CdUCM
008 190601b ||||| |||| 00| 0 spa d
040 _aMUNICIPALIDAD PROVINCIAL DEL CUSCO
_cBIBLIOTECA MUNICIPAL DEL CUSCO
082 _a574.57 /
_bC32
100 _aCases i Associats.
_943148
245 _aEnciclopedia visual de la ecología /
260 _aLima :
_bEl comercio,
_c1996.
300 _a252 páginas ;
_bIlustraciones,
_c32 cm.
440 _aColeccion del diario el comercio
_943149
505 _aContenido : El hombre y la tierra -- Planeta vivo -- Ecología cotidiana.
650 _aEcología
_94960
650 _aBiosfera
_923753
942 _2ddc
_cLIBROS
945 _arcc